| 000 | 01100nam a2200325 a 4500 | ||
|---|---|---|---|
| 001 | 34562 | ||
| 003 | BD-RjUL | ||
| 005 | 20211209052159.0 | ||
| 008 | 140518r20001992ii b 001 0 eng d | ||
| 020 | _a0195630882 | ||
| 035 | _a(BD-RjUL)34656 | ||
| 040 |
_aDLC _cDLC _dDLC _dBD-RjUL _beng |
||
| 041 | _aeng | ||
| 082 | 0 | 0 |
_a305.5120954 _220 _bSOC 2000 |
| 245 | 0 | 0 |
_aSocial stratification / _cedited by Dipankar Gupta. |
| 250 | _a2nd and enl. ed. | ||
| 260 |
_aDelhi ; _aNew York : _bOxford University Press, _c1992 [impression 2000]. |
||
| 300 |
_axvii, 518 p. ; _c22 cm. |
||
| 504 | _aIncludes bibliographical references (p. [493]-510) and index. | ||
| 650 | 0 |
_aSocial classes _zIndia. _9103469 |
|
| 650 | 0 |
_aCaste _zIndia. _9105134 |
|
| 650 | 0 |
_aSocial conflict _zIndia. _9102655 |
|
| 650 | 0 |
_aSocial stratification _zIndia. _9105135 |
|
| 700 | 1 |
_aGupta, Dipankar, _d1949- _9105136 |
|
| 942 |
_2ddc _cBK |
||
| 999 |
_c34562 _d34562 |
||